Normal view
MARC view
- Halliday, Fred
Entry Personal Name
001 - CONTROL NUMBER
- control field: 34259
003 - CONTROL NUMBER IDENTIFIER
- control field: OSt
005 - DATE AND TIME OF LATEST TRANSACTION
- control field: 20160823131654.0
008 - FIXED-LENGTH DATA ELEMENTS
- fixed length control field: 131028|| aca||aabn | a|a d
040 ## - CATALOGING SOURCE
- Original cataloging agency: OSt
- Transcribing agency: OSt
100 1# - HEADING--PERSONAL NAME
- Personal name: Halliday, Fred
670 ## - SOURCE DATA FOUND
- Source citation: Work cat.: (OSt)4899: Halliday, Fred. , Arabia without sultans /, c.2002.